Sobre la política en relación con la religión, la iglesia y los creyentes : tesis y resolución/

Manifiesto oficial de la postura del gobierno comunista cubano ante las distintas creencias religiosas que se practican en la isla. Así, se compone de la concepción marxista-leninista acerca de la religión; La cuestión religiosa en la isla; Los puntos escenciales de la política cubana; la Revolución...

Descrición completa

Gardado en:
Detalles Bibliográficos
Autor Corporativo: Partido Comunista de Cuba
Formato: Libro
Idioma:Lingua castelá
Temas:
Etiquetas: Engadir etiqueta
Sen Etiquetas, Sexa o primeiro en etiquetar este rexistro!

MARC

LEADER 00000nam^a2200000^a^4500
001 000181284
005 20250521000000.0
009 20260310101926.066
037 |a Acervo ITESO - Biblioteca 
041 |a ESP 
082 |a 322. 1  |b PAR 
110 |a Partido Comunista de Cuba 
245 1 0 |a Sobre la política en relación con la religión, la iglesia y los creyentes :  |b tesis y resolución/  |c Partido Comunista de Cuba. 
264 |a La Habana, Cuba  |b Partido Comunista de Cuba, Departamento de Orientacion Revolucionaria,  |c 1976 
300 |a 31 p. 
336 |a texto  |b txt  |2 rdacontenido 
337 |a sin mediación  |b n  |2 rdamedio 
338 |a volumen  |b nc  |2 rdasoporte 
520 |a Manifiesto oficial de la postura del gobierno comunista cubano ante las distintas creencias religiosas que se practican en la isla. Así, se compone de la concepción marxista-leninista acerca de la religión; La cuestión religiosa en la isla; Los puntos escenciales de la política cubana; la Revolución y la Iglesia católica; Los cambios en al situación internacional y su reflejo en las iglesias y los creyentes; Las relaciones con otras iglesias cristianas no católicas; Los testigos de Jehová; La secta Bando Evangélico de Gedeón; Los cultos sincréticos y el ateísmo. 
649 |a XX 
650 |a Iglesia y Estado -  |z Cuba 
650 |a Iglesias Cristianas y Estado -  |z Cuba 
650 |a Política y Religión -  |z Cuba -  |x Tema Principal 
650 |a Iglesia Católica en Cuba -  |x Condiciones Políticas 
650 |a Protestantismo -  |z Cuba 
650 |a Iglesias de Raíz Cristiana -  |z Cuba 
650 |a Sincretismo -  |z Cuba 
650 |a Religiones Afroamericanas -  |z Cuba 
650 |a Ateísmo -  |z Cuba 
650 |a Marxismo 
650 |a Ideología -  |z Cuba 
650 |a Filosofía Política -  |z Cuba 
650 |a Cambios Sociales y Culturales 
650 |a Política -  |z Cuba -  |x Historia -  |y 1959-1990 
650 |a Política -  |z Cuba -  |x Historia -  |y 1959-2006 
650 |a Política -  |z Cuba -  |x Historia -  |y Siglo XX 
650 |a Cuba -  |x Condiciones Políticas 
910 |a Fondo General 
920 |a Impresos - Libros 
930 |a Colección General 
905 |a 101 
901 |a 0500120936  |b IT1  |c ACC  |u 20250521 
902 |a https://opac.biblio.iteso.mx/vufind/Record/000181284